Days Of The Week - Norwegian - Statistics

General Stats
  • This quiz has been taken 134 times
  • The average score is 7 of 7
Answer Stats
Day In Norwegian % Correct
Monday Mandag
97%
Wednesday Onsdag
95%
Thursday Torsdag
95%
Friday Fredag
94%
Tuesday Tirsdag
94%
Saturday Lordag
92%
Sunday Sondag
91%
No matching quizzes found
Score Distribution
Percent of People with Each Score
Percentile by Number Answered
Your Score History
You have not taken this quiz